000 01289nam a2200397 c 4500
001 9591
003 ES-MaCES
005 20141221122024.0
008 991025s1999 sp t 000 | spa d
017 _aM 35181-1999
_bDL
020 _a8448124537
035 _aCES19990015545m
040 _aES-MaCES
_bspa
_cES-MaCES
245 0 0 _aCurso sobre protección jurídica de los consumidores
_cGema Botana García y Miguel Ruiz Muñoz, coordinadores
260 _aMadrid [etc.]
_bMacGraw Hill
_c1999
300 _aXXXI, 670 p.
_c24 cm
490 1 _aCiencias jurídicas
500 _aDir. de internet: http://www.mcgraw-hill.es
504 _aBibliografía
541 _cCompra
650 4 _aconsumidor
_927902
650 4 _acomportamiento del consumidor
_927903
650 4 _acontrato
_929505
650 4 _aderecho mercantil
_927157
650 4 _aderecho público
_927169
650 4 _aEspaña
_926964
650 4 _arégimen jurídico
_929894
650 4 _amanual
_929264
653 1 0 _aConsumo
700 1 _aBotana García, Gema
_ecol.
_98155
700 1 _aRuiz Muñoz, Miguel
_ecoord.
_922882
830 0 _aCiencias jurídicas (McGraw-Hill Interamericana de España)
_933330
902 _aLIB Libro
942 _2CES
_cBK
_h3.2.
999 _c9591
_d9591